000 01476nam a22003017a 4500
005 20081119112953.0
008 081119t xxu||||| |||| 00| 0 hin d
010 _aHIN-85029
020 _a9788189486174
_c100.00
035 _aHN-57375
037 _bDBAD / PUB
040 _aDPL
_bHN
082 _a181.46
100 _aविवेकानंद
245 _aभक्तियोग /
_bविवेकानंद
246 _aBhaktiyog
_bby Vivekanand
260 _aदिल्ली
_bकादम्बरी प्रकाशन
_c2008
270 _a5451, शिव मार्केट ,न्यू चन्द्रावल, जवाहर नगर
_bदिल्ली
_e110007
300 _a80पृ
_c22सेमी (सजिल्द)
500 _aदो नाटक
600 _aविवेकानंद, स्वामी, 1863-1902.
600 _aVivekananda, Swami, 1863-1902.
650 _aदर्शन, भारतीय
650 _aPhilosophy, Indic.
942 _2ddc
_cHN
_mविवेका
_h181.46
999 _c18714
_d18714